[Event "Olomouc Chess Summer 2022 - D"]
[Site "Olomouc (CZE), Hotel Flora"]
[Date "2022.08.20"]
[Round "9"]
[Board "9"]
[White "Heppell, Ian N"]
[Black "Sedlak, Ludek"]
[Result "1/2-1/2"]
[WhiteElo "2031"]
[BlackElo "1852"]
[PlyCount "0"]
[EventDate "2022.08.13"]
[EventRounds "9"]
[EventCountry "CZE"]

1. e4 {[%clk 1:30:57]} e5 {[%clk 1:30:51]} 2. Nf3 {[%clk 1:30:25]} Nc6
{[%clk 1:31:18]} 3. d4 {[%clk 1:30:34]} exd4 {[%clk 1:31:37]} 4. Bc4
{[%clk 1:28:43]} Nf6 {[%clk 1:31:22]} 5. O-O {[%clk 1:19:56]} d6 {[%clk 1:21:25]}
6. Nxd4 {[%clk 1:14:23]} Be7 {[%clk 1:12:58]} 7. Nc3 {[%clk 1:13:19]} O-O
{[%clk 1:06:12]} 8. Re1 {[%clk 1:11:50]} Bg4 {[%clk 1:01:22]} 9. f3
{[%clk 1:10:43]} Nxd4 {[%clk 1:00:15]} 10. Qxd4 {[%clk 1:10:45]} Bh5
{[%clk 0:59:33]} 11. Bf4 {[%clk 1:06:13]} Nd7 {[%clk 0:54:33]} 12. Nd5
{[%clk 1:03:34]} Bf6 {[%clk 0:46:38]} 13. Nxf6+ {[%clk 1:01:12]} Qxf6
{[%clk 0:41:30]} 14. Qxf6 {[%clk 0:54:35]} gxf6 {[%clk 0:35:05]} 15. Kf2
{[%clk 0:54:31]} Ne5 {[%clk 0:32:54]} 16. Bf1 {[%clk 0:50:41]} Rfe8
{[%clk 0:32:40]} 17. Rad1 {[%clk 0:49:31]} f5 {[%clk 0:31:16]} 18. exf5
{[%clk 0:49:45]} f6 {[%clk 0:31:39]} 19. Bxe5 {[%clk 0:43:04]} fxe5
{[%clk 0:28:35]} 20. Bc4+ {[%clk 0:41:53]} Bf7 {[%clk 0:27:58]} 21. Bxf7+
{[%clk 0:42:13]} Kxf7 {[%clk 0:28:27]} 22. g4 {[%clk 0:42:29]} Kf6
{[%clk 0:26:22]} 23. Kg3 {[%clk 0:40:44]} Rg8 {[%clk 0:18:34]} 24. f4
{[%clk 0:39:13]} Rg7 {[%clk 0:18:26]} 25. Kf3 {[%clk 0:35:33]} Rag8
{[%clk 0:18:35]} 26. h3 {[%clk 0:35:10]} h5 {[%clk 0:16:25]} 27. Rg1
{[%clk 0:34:15]} hxg4+ {[%clk 0:15:10]} 28. hxg4 {[%clk 0:34:26]} e4+
{[%clk 0:11:37]} 29. Kxe4 {[%clk 0:34:49]} Rxg4 {[%clk 0:12:00]} 30. Rxg4
{[%clk 0:34:55]} Rxg4 {[%clk 0:12:26]} 31. Rd2 {[%clk 0:29:59]} Rg7
{[%clk 0:12:03]} 32. Rh2 {[%clk 0:28:56]}  1/2-1/2

[Event "Olomouc Chess Summer 2022 - D"]
[Site "Olomouc (CZE), Hotel Flora"]
[Date "2022.08.20"]
[Round "9"]
[Board "10"]
[White "Dusbaba, Karel"]
[Black "Bartos, Alois"]
[Result "1-0"]
[WhiteElo "2005"]
[BlackElo "1843"]
[PlyCount "0"]
[EventDate "2022.08.13"]
[EventRounds "9"]
[EventCountry "CZE"]

1. c4 {[%clk 1:28:48]} c5 {[%clk 1:30:58]} 2. Nc3 {[%clk 1:29:08]} Nf6
{[%clk 1:31:12]} 3. g3 {[%clk 1:29:15]} d5 {[%clk 1:31:12]} 4. cxd5
{[%clk 1:29:35]} Nxd5 {[%clk 1:31:27]} 5. Bg2 {[%clk 1:29:00]} Nc7
{[%clk 1:30:39]} 6. Nf3 {[%clk 1:28:37]} Nc6 {[%clk 1:30:49]} 7. d3
{[%clk 1:27:49]} e5 {[%clk 1:30:55]} 8. O-O {[%clk 1:28:06]} Be7 {[%clk 1:31:20]}
9. b3 {[%clk 1:27:53]} O-O {[%clk 1:30:44]} 10. Bb2 {[%clk 1:28:16]} Bd7
{[%clk 1:29:36]} 11. Rc1 {[%clk 1:26:08]} f6 {[%clk 1:23:21]} 12. Nd2
{[%clk 1:22:57]} Rb8 {[%clk 1:22:27]} 13. Nc4 {[%clk 1:21:30]} b6
{[%clk 1:12:12]} 14. Qd2 {[%clk 1:17:52]} Qe8 {[%clk 1:11:33]} 15. Ne3
{[%clk 1:16:38]} Rd8 {[%clk 1:10:15]} 16. Ned5 {[%clk 1:15:31]} Nxd5
{[%clk 1:06:29]} 17. Nxd5 {[%clk 1:15:33]} Bd6 {[%clk 1:05:36]} 18. e3
{[%clk 1:10:27]} Bb8 {[%clk 1:00:54]} 19. Rfd1 {[%clk 1:08:24]} Bg4
{[%clk 0:59:32]} 20. Re1 {[%clk 1:03:48]} Be6 {[%clk 0:52:34]} 21. Nc3
{[%clk 1:01:03]} Nb4 {[%clk 0:44:58]} 22. Bf1 {[%clk 1:00:20]} Qh5
{[%clk 0:38:07]} 23. Ba3 {[%clk 0:57:27]} Nd5 {[%clk 0:32:18]} 24. Qc2
{[%clk 0:51:23]} Rc8 {[%clk 0:31:21]} 25. Bg2 {[%clk 0:50:32]} Rfd8
{[%clk 0:28:35]} 26. Red1 {[%clk 0:48:22]} Nb4 {[%clk 0:27:45]} 27. Qb1
{[%clk 0:47:35]} Bg4 {[%clk 0:24:54]} 28. Rd2 {[%clk 0:46:36]} Bf3
{[%clk 0:24:29]} 29. Bxb4 {[%clk 0:42:42]} cxb4 {[%clk 0:24:52]} 30. Bxf3
{[%clk 0:42:47]} Qxf3 {[%clk 0:25:16]} 31. Ne2 {[%clk 0:42:55]} Qd5
{[%clk 0:21:03]} 32. d4 {[%clk 0:41:38]} Qb7 {[%clk 0:14:23]} 33. Rdc2
{[%clk 0:38:45]} b5 {[%clk 0:13:00]} 34. Rc5 {[%clk 0:33:56]} Bd6
{[%clk 0:12:30]} 35. Rxc8 {[%clk 0:33:35]} Rxc8 {[%clk 0:12:49]} 36. Rxc8+
{[%clk 0:33:39]} Qxc8 {[%clk 0:13:14]} 37. Qe4 {[%clk 0:33:46]} Qd7
{[%clk 0:10:21]} 38. Qd5+ {[%clk 0:31:45]} Kf8 {[%clk 0:10:29]} 39. dxe5
{[%clk 0:32:01]} fxe5 {[%clk 0:10:47]} 40. Nc1 {[%clk 0:32:00]} Qc7
{[%clk 0:03:21]} 41. Nd3 {[%clk 0:31:45]} Ke7 {[%clk 0:02:27]} 42. Qxb5
{[%clk 0:30:52]} Qc3 {[%clk 0:00:51]} 43. Kg2 {[%clk 0:30:04]} Ke6
{[%clk 0:22:29]} 44. e4 {[%clk 0:57:16]} Qd4 {[%clk 0:22:31]} 45. f3
{[%clk 0:55:50]} Be7 {[%clk 0:21:47]} 46. Qc6+ {[%clk 0:51:25]} Bd6
{[%clk 0:21:51]} 47. Qc8+ {[%clk 0:46:40]} Ke7 {[%clk 0:22:01]} 48. Qc2
{[%clk 0:45:49]} Qc3 {[%clk 0:21:38]} 49. Qe2 {[%clk 0:45:41]} Bc5
{[%clk 0:21:20]} 50. Nxc5 {[%clk 0:42:02]} Qxc5 {[%clk 0:21:43]} 51. Qf2
{[%clk 0:42:26]} Qc7 {[%clk 0:21:23]} 52. f4 {[%clk 0:42:06]} a5 {[%clk 0:21:06]}
53. Kf3 {[%clk 0:41:33]} Ke6 {[%clk 0:18:34]} 54. Qd2 {[%clk 0:41:35]} Ke7
{[%clk 0:18:48]} 55. Qd5 {[%clk 0:40:52]} Qc3+ {[%clk 0:17:43]} 56. Kg4
{[%clk 0:40:47]} Qc8+ {[%clk 0:18:02]} 57. Kh4 {[%clk 0:40:44]} exf4
{[%clk 0:17:30]} 58. gxf4 {[%clk 0:40:46]} Qc3 {[%clk 0:16:34]} 59. Qg5+
{[%clk 0:39:43]} Kf7 {[%clk 0:16:38]} 60. Qf5+ {[%clk 0:40:02]} Ke7
{[%clk 0:15:26]} 61. Kg5 {[%clk 0:36:34]} Qb2 {[%clk 0:14:07]} 62. Qxh7
{[%clk 0:35:22]} Qg2+ {[%clk 0:12:38]} 63. Kf5 {[%clk 0:34:58]} Kf7
{[%clk 0:13:00]} 64. Ke5 {[%clk 0:31:50]} Qb2+ {[%clk 0:13:12]} 65. Kd5
{[%clk 0:31:46]} Qd2+ {[%clk 0:12:14]} 66. Kc5 {[%clk 0:31:27]} Qc3+
{[%clk 0:11:43]} 67. Kb5 {[%clk 0:31:15]} Qd3+ {[%clk 0:09:53]} 68. Kxa5
{[%clk 0:31:17]} Qd8+ {[%clk 0:10:14]} 69. Kxb4 {[%clk 0:30:19]} Qd4+
{[%clk 0:10:23]} 70. Kb5 {[%clk 0:29:53]} Qd7+ {[%clk 0:09:32]} 71. Kc5
{[%clk 0:29:22]} Qc7+ {[%clk 0:09:46]} 72. Kd4 {[%clk 0:29:28]} Qb6+
{[%clk 0:09:31]} 73. Kd3 {[%clk 0:29:40]} Qb5+ {[%clk 0:09:52]} 74. Ke3
{[%clk 0:28:44]} Qc5+ {[%clk 0:10:11]} 75. Kf3 {[%clk 0:28:57]} Qc3+
{[%clk 0:06:32]} 76. Kg4 {[%clk 0:29:05]}  1-0

[Event "Olomouc Chess Summer 2022 - D"]
[Site "Olomouc (CZE), Hotel Flora"]
[Date "2022.08.20"]
[Round "9"]
[Board "11"]
[White "Fiser, Jiri"]
[Black "Ni, Polina"]
[Result "0-1"]
[WhiteElo "1768"]
[BlackElo "1871"]
[PlyCount "0"]
[EventDate "2022.08.13"]
[EventRounds "9"]
[EventCountry "CZE"]

1. e4 {[%clk 1:30:30]} Nf6 {[%clk 1:27:44]} 2. e5 {[%clk 1:30:33]} Nd5
{[%clk 1:28:11]} 3. d4 {[%clk 1:30:57]} d6 {[%clk 1:27:55]} 4. exd6
{[%clk 1:31:17]} exd6 {[%clk 1:28:22]} 5. c4 {[%clk 1:31:37]} Nf6
{[%clk 1:25:26]} 6. Nc3 {[%clk 1:31:54]} Nc6 {[%clk 1:24:49]} 7. Be2
{[%clk 1:30:02]} Be7 {[%clk 1:14:41]} 8. Be3 {[%clk 1:30:07]} O-O
{[%clk 1:12:49]} 9. Nf3 {[%clk 1:28:02]} Ng4 {[%clk 1:07:40]} 10. Bf4
{[%clk 1:27:32]} f5 {[%clk 1:02:07]} 11. h3 {[%clk 1:26:49]} Nf6 {[%clk 1:01:59]}
12. d5 {[%clk 1:20:44]} Nb8 {[%clk 1:00:07]} 13. Nd4 {[%clk 1:20:55]} Qe8
{[%clk 0:49:01]} 14. O-O {[%clk 1:20:12]} Ne4 {[%clk 0:44:59]} 15. Bf3
{[%clk 1:10:26]} Qg6 {[%clk 0:37:47]} 16. Re1 {[%clk 1:07:43]} Bg5
{[%clk 0:30:08]} 17. Bh5 {[%clk 0:29:39]} Qh6 {[%clk 0:20:16]} 18. Bg3
{[%clk 0:26:22]} Bd2 {[%clk 0:16:13]} 19. Rxe4 {[%clk 0:23:07]} fxe4
{[%clk 0:15:10]} 20. Nxe4 {[%clk 0:22:42]} Bf4 {[%clk 0:14:16]} 21. Bf3
{[%clk 0:20:48]} Na6 {[%clk 0:13:06]} 22. a3 {[%clk 0:18:21]} Bxg3
{[%clk 0:10:00]} 23. Nxg3 {[%clk 0:18:07]} Qf4 {[%clk 0:09:25]} 24. b4
{[%clk 0:17:48]} Bd7 {[%clk 0:08:16]} 25. Ne6 {[%clk 0:17:02]} Bxe6
{[%clk 0:08:35]} 26. dxe6 {[%clk 0:17:30]} c6 {[%clk 0:04:35]} 27. Qe2
{[%clk 0:10:42]} Nc7 {[%clk 0:01:56]} 28. b5 {[%clk 0:09:41]} d5 {[%clk 0:01:13]}
29. bxc6 {[%clk 0:08:54]} bxc6 {[%clk 0:01:41]} 30. cxd5 {[%clk 0:06:33]} cxd5
{[%clk 0:01:24]} 31. e7 {[%clk 0:03:29]} Rfe8 {[%clk 0:01:29]} 32. Re1
{[%clk 0:02:33]} g6 {[%clk 0:00:51]} 33. Bg4 {[%clk 0:02:55]} Qd6
{[%clk 0:00:42]} 34. h4 {[%clk 0:01:33]} Kf7 {[%clk 0:00:50]} 35. Qf3+
{[%clk 0:00:40]} Qf6 36. Qb3 {[%clk 0:00:38]} Rxe7 {[%clk 0:00:45]} 37. Rxe7+
{[%clk 0:01:04]} Qxe7 {[%clk 0:00:58]} 38. h5 {[%clk 0:01:16]} Re8
{[%clk 0:00:43]} 39. hxg6+ {[%clk 0:01:30]} hxg6 {[%clk 0:00:58]} 40. Bf3
{[%clk 0:00:53]} Qe1+ {[%clk 0:00:55]} 41. Nf1 {[%clk 0:00:36]} Qe5
{[%clk 0:00:42]} 42. Ne3 {[%clk 0:29:39]} Qa1+ {[%clk 0:25:26]} 43. Kh2
{[%clk 0:28:51]} Rh8+ {[%clk 0:25:13]} 44. Kg3 {[%clk 0:29:20]} Qe5+
{[%clk 0:25:01]} 45. Kg4 {[%clk 0:29:39]} Qh5+ {[%clk 0:24:52]}  0-1

[Event "Olomouc Chess Summer 2022 - D"]
[Site "Olomouc (CZE), Hotel Flora"]
[Date "2022.08.20"]
[Round "9"]
[Board "12"]
[White "Kotva, Milan"]
[Black "Mlynek, Petr"]
[Result "0-1"]
[WhiteElo "1829"]
[BlackElo "2047"]
[PlyCount "0"]
[EventDate "2022.08.13"]
[EventRounds "9"]
[EventCountry "CZE"]

1. e4 {[%clk 1:30:55]} c6 {[%clk 1:30:53]} 2. d4 {[%clk 1:31:19]} d5
{[%clk 1:31:19]} 3. exd5 {[%clk 1:31:37]} cxd5 {[%clk 1:31:42]} 4. Nf3
{[%clk 1:31:29]} Bg4 {[%clk 1:31:36]} 5. h3 {[%clk 1:30:17]} Bxf3
{[%clk 1:31:19]} 6. Qxf3 {[%clk 1:30:25]} Nc6 {[%clk 1:31:34]} 7. c3
{[%clk 1:29:51]} Nf6 {[%clk 1:31:48]} 8. Bf4 {[%clk 1:25:00]} e6 {[%clk 1:31:07]}
9. Bd3 {[%clk 1:22:43]} Bd6 {[%clk 1:29:58]} 10. Nd2 {[%clk 1:20:23]} a6
{[%clk 1:28:42]} 11. O-O {[%clk 1:19:28]} O-O {[%clk 1:27:16]} 12. Rfe1
{[%clk 1:19:26]} Qc7 {[%clk 1:25:49]} 13. Bxd6 {[%clk 1:17:14]} Qxd6
{[%clk 1:26:12]} 14. Qe3 {[%clk 1:15:49]} Na5 {[%clk 1:25:02]} 15. b4
{[%clk 1:10:33]} Nc6 {[%clk 1:23:05]} 16. Nf3 {[%clk 1:10:39]} Rfc8
{[%clk 1:21:39]} 17. Ne5 {[%clk 1:07:57]} Ne7 {[%clk 1:19:44]} 18. Rac1
{[%clk 1:05:53]} Rc7 {[%clk 1:18:48]} 19. Bb1 {[%clk 1:00:37]} Rac8
{[%clk 1:18:21]} 20. Qd3 {[%clk 0:57:48]} b5 {[%clk 1:10:52]} 21. Re3
{[%clk 0:49:38]} Ne4 {[%clk 1:07:28]} 22. Rxe4 {[%clk 0:43:34]} dxe4
{[%clk 1:07:48]} 23. Qxe4 {[%clk 0:43:51]} f5 {[%clk 1:07:29]} 24. Qe1
{[%clk 0:40:27]} Nd5 {[%clk 1:05:44]} 25. Nd3 {[%clk 0:39:59]} Rxc3
{[%clk 0:56:25]} 26. Rxc3 {[%clk 0:39:50]} Rxc3 {[%clk 0:56:19]} 27. Nc5
{[%clk 0:40:10]} Kf7 {[%clk 0:56:32]} 28. g3 {[%clk 0:34:56]} Rc4
{[%clk 0:55:39]} 29. Qd1 {[%clk 0:30:22]} g6 {[%clk 0:54:08]} 30. a3
{[%clk 0:30:21]} Nc3 {[%clk 0:53:54]}  0-1

[Event "Olomouc Chess Summer 2022 - D"]
[Site "Olomouc (CZE), Hotel Flora"]
[Date "2022.08.20"]
[Round "9"]
[Board "13"]
[White "Marek, Jiri"]
[Black "Tomanek, Rafael"]
[Result "1/2-1/2"]
[WhiteElo "1909"]
[BlackElo "1828"]
[PlyCount "0"]
[EventDate "2022.08.13"]
[EventRounds "9"]
[EventCountry "CZE"]

1. e4 {[%clk 1:30:54]} d5 {[%clk 1:30:55]} 2. d4 {[%clk 1:31:04]} dxe4
{[%clk 1:31:09]} 3. Nc3 {[%clk 1:31:19]} Nf6 {[%clk 1:31:30]} 4. Bg5
{[%clk 1:31:36]} Bf5 5. Bc4 Nbd7 {[%clk 1:29:25]} 6. Nge2 {[%clk 1:25:07]} e6
{[%clk 1:26:52]} 7. Ng3 {[%clk 1:19:49]} Bb4 {[%clk 1:25:40]} 8. O-O
{[%clk 1:10:42]} Bxc3 {[%clk 1:24:10]} 9. bxc3 {[%clk 1:08:12]} h6
{[%clk 1:24:01]} 10. Bd2 {[%clk 0:59:18]} O-O {[%clk 1:15:58]} 11. f3
{[%clk 0:58:14]} Bg6 {[%clk 1:07:17]} 12. Qe2 {[%clk 0:52:49]} exf3
{[%clk 1:03:00]} 13. Qxf3 {[%clk 0:51:49]} e5 {[%clk 0:53:05]} 14. Bb3
{[%clk 0:37:48]} c6 {[%clk 0:45:41]} 15. Nf5 {[%clk 0:35:23]} Qc7
{[%clk 0:37:29]} 16. Qg3 {[%clk 0:34:21]} Bxf5 {[%clk 0:30:51]} 17. Rxf5
{[%clk 0:32:09]} Ne4 {[%clk 0:30:41]} 18. Qd3 {[%clk 0:20:00]} Nxd2
{[%clk 0:25:57]} 19. Qxd2 {[%clk 0:20:06]} exd4 {[%clk 0:24:45]} 20. Raf1
{[%clk 0:16:39]} Nf6 {[%clk 0:21:29]} 21. Rxf6 {[%clk 0:16:16]} gxf6
{[%clk 0:21:13]} 22. Qxh6 {[%clk 0:16:20]} Qe5 {[%clk 0:19:56]} 23. Qg6+
{[%clk 0:12:03]} Kh8 {[%clk 0:19:52]} 24. Qh6+ {[%clk 0:11:40]} Kg8
{[%clk 0:20:16]}  1/2-1/2

[Event "Olomouc Chess Summer 2022 - D"]
[Site "Olomouc (CZE), Hotel Flora"]
[Date "2022.08.20"]
[Round "9"]
[Board "14"]
[White "Dvorak, Vladimir"]
[Black "Gurtovoi, Borys"]
[Result "1-0"]
[WhiteElo "1900"]
[BlackElo "1701"]
[PlyCount "0"]
[EventDate "2022.08.13"]
[EventRounds "9"]
[EventCountry "CZE"]

1. e4 {[%clk 1:29:37]} c6 {[%clk 1:30:44]} 2. d4 {[%clk 1:29:42]} d5
{[%clk 1:31:05]} 3. Nc3 {[%clk 1:29:59]} dxe4 {[%clk 1:31:06]} 4. Nxe4
{[%clk 1:30:18]} Bf5 {[%clk 1:31:24]} 5. Ng3 {[%clk 1:30:39]} Bg6
{[%clk 1:31:47]} 6. Bc4 {[%clk 1:30:46]} e6 {[%clk 1:31:39]} 7. N1e2
{[%clk 1:31:05]} Bd6 {[%clk 1:31:42]} 8. O-O {[%clk 1:31:22]} Qc7
{[%clk 1:31:58]} 9. f4 {[%clk 1:31:32]} Ne7 {[%clk 1:31:14]} 10. Bd3
{[%clk 1:28:09]} Nd7 {[%clk 1:31:04]} 11. c4 {[%clk 1:21:53]} Qd8
{[%clk 1:30:51]} 12. f5 {[%clk 1:17:45]} Nxf5 {[%clk 1:29:34]} 13. Nxf5
{[%clk 1:17:55]} exf5 {[%clk 1:29:10]} 14. Bxf5 {[%clk 1:15:26]} Nf6
{[%clk 1:25:28]} 15. Bg5 {[%clk 1:03:41]} Be7 {[%clk 1:25:28]} 16. Qd3
{[%clk 0:51:00]} O-O {[%clk 1:22:46]} 17. Rad1 {[%clk 0:46:41]} Re8
{[%clk 1:22:41]} 18. Ng3 {[%clk 0:36:09]} Ng4 {[%clk 1:22:04]} 19. Bxe7
{[%clk 0:26:27]} Qxe7 {[%clk 1:22:12]} 20. Rf3 {[%clk 0:24:42]} Rad8
{[%clk 1:20:44]} 21. Qb3 {[%clk 0:12:55]} Qc7 {[%clk 1:13:22]} 22. Bxg4
{[%clk 0:11:19]}  1-0

[Event "Olomouc Chess Summer 2022 - D"]
[Site "Olomouc (CZE), Hotel Flora"]
[Date "2022.08.20"]
[Round "9"]
[Board "16"]
[White "Fiala, Jiri"]
[Black "Kulhavy, Frantisek"]
[Result "1/2-1/2"]
[WhiteElo "1853"]
[BlackElo "1755"]
[PlyCount "0"]
[EventDate "2022.08.13"]
[EventRounds "9"]
[EventCountry "CZE"]

1. d4 {[%clk 1:30:45]} Nf6 {[%clk 1:30:53]} 2. Nf3 {[%clk 1:31:04]} d5
{[%clk 1:30:46]} 3. Bf4 {[%clk 1:31:23]} Bf5 {[%clk 1:25:26]} 4. e3
{[%clk 1:31:45]} e6 {[%clk 1:25:32]} 5. Bd3 {[%clk 1:32:05]} Bxd3
{[%clk 1:25:28]} 6. Qxd3 {[%clk 1:32:27]} Nbd7 {[%clk 1:23:39]} 7. Nbd2
{[%clk 1:32:37]} a6 {[%clk 1:20:02]} 8. c3 {[%clk 1:31:45]} Be7 {[%clk 1:16:49]}
9. h3 {[%clk 1:31:33]} c5 {[%clk 1:13:42]} 10. O-O {[%clk 1:29:42]} O-O
{[%clk 1:13:00]} 11. Rab1 {[%clk 1:27:47]} b5 {[%clk 1:04:51]} 12. Ne5
{[%clk 1:25:48]} Nxe5 {[%clk 1:02:12]} 13. Bxe5 {[%clk 1:24:50]} Bd6
{[%clk 1:00:29]} 14. Bxd6 {[%clk 1:24:22]} Qxd6 {[%clk 1:00:46]} 15. dxc5
{[%clk 1:23:03]} Qxc5 {[%clk 1:01:11]}  1/2-1/2